[Event "POL-ch U18 Girls"]
[Site "Jastrzebia Gora"]
[Date "2023.??.??"]
[Round "1"]
[White "Bialek, Alicja"]
[Black "Nagly, Malgorzata"]
[Result "1-0"]
[WhiteElo "1576"]
[BlackElo "1041"]
[PlyCount "60"]
[EventDate "2023.03.11"]
[EventType "swiss"]
[EventRounds "9"]
[EventCountry "POL"]
[SourceTitle "CBM 213 Extra"]
[Source "ChessBase"]
[SourceDate "2023.05.31"]
[SourceVersion "1"]
[SourceVersionDate "2023.05.31"]
[SourceQuality "1"]

1. e4 e6 2. d4 d5 3. Bd3 c5 4. exd5 exd5 5. Nf3 Nf6 6. 0-0 c4 7. Re1+ Be7 8. Bf1 0-0 9. b3 b5 10. Ne5 Re8 11. g3 Qb6 12. a4 Nc6 13. Nxc6 Qxc6 14. axb5 Qxb5 15. bxc4 dxc4 16. Nc3 Qb4 17. Bd2 Rd8 18. Bg2 Rb8 19. Nd5 Qb5 20. Nxe7+ Kf8 21. Nc6 Be6 22. Nxb8 Qxb8 23. c3 Qc7 24. Qa4 Nd7 25. Bf4 Qc8 26. Qxa7 Kg8 27. Bb7 Qxb7 28. Qxb7 Kf8 29. Bd6+ Kg8 30. Ra8 Rxa8 1-0

[Event "POL-ch U18 Girls"]
[Site "Jastrzebia Gora"]
[Date "2023.??.??"]
[Round "6"]
[White "Gornisiewicz, Natalia"]
[Black "Bialek, Alicja"]
[Result "0-1"]
[WhiteElo "1287"]
[BlackElo "1576"]
[PlyCount "146"]
[EventDate "2023.03.11"]
[EventType "swiss"]
[EventRounds "9"]
[EventCountry "POL"]
[SourceTitle "CBM 213 Extra"]
[Source "ChessBase"]
[SourceDate "2023.05.31"]
[SourceVersion "1"]
[SourceVersionDate "2023.05.31"]
[SourceQuality "1"]

1. Nf3 b6 2. g3 Bb7 3. Bg2 g6 4. 0-0 Bg7 5. d4 Nf6 6. c4 0-0 7. Nbd2 d6 8. b3 c5 9. Bb2 cxd4 10. Nxd4 Bxg2 11. Kxg2 Qc8 12. Qc2 Nbd7 13. N4f3 Qb7 14. h4 h5 15. Rg1 Rac8 16. Rac1 Nc5 17. Kf1 e5 18. Ng5 Rfe8 19. b4 Ne6 20. Nde4 Nxe4 21. Qxe4 Qe7 22. Nxe6 Qxe6 23. Kg2 b5 24. cxb5 Qxa2 25. Qb1 Qd5+ 26. e4 Qxb5 27. Ba1 d5 28. exd5 Qxd5+ 29. Kh2 Qd2 30. Qb2 Qd6 31. Rgd1 Qe6 32. Re1 Rxc1 33. Qxc1 Qb6 34. Qb2 f6 35. Kg2 Rb8 36. Rc1 Kh7 37. Qa3 Bf8 38. Bc3 Rc8 39. Bd2 Rd8 40. Be3 Qb7+ 41. Kh2 Rd7 42. Ra1 Bxb4 43. Qxa7 Qxa7 44. Bxa7 Bc3 45. Ra6 Bd4 46. Bb8 Kg7 47. Kg2 Rb7 48. Bd6 Rb2 49. Rc6 Rxf2+ 50. Kh3 Kf7 51. Ra6 Rc2 52. Ra8 Ke6 53. Ra6 Kf5 54. Be7 e4 55. Rd6 Be5 56. Rd1 Rc3 57. Rg1 Ke6 58. Bb4 Rf3 59. Be1 f5 60. Kg2 f4 61. gxf4 Bxf4 62. Bf2 Rd3 63. Re1 Kf5 64. Re2 e3 65. Be1 Kg4 66. Kf1 Rd1 67. Rg2+ Kf3 68. Rf2+ Ke4 69. Rg2 Kd3 70. Rxg6 e2+ 71. Kf2 Be3+ 72. Kf3 Rxe1 73. Rd6+ Bd4 0-1

[Event "POL-ch U15 Qual"]
[Site "Jastrzebia Gora"]
[Date "2021.11.21"]
[Round "9"]
[White "Reszka, Barbara"]
[Black "Bialek, Alicja"]
[Result "1/2-1/2"]
[WhiteElo "1094"]
[BlackElo "1350"]
[PlyCount "63"]
[EventDate "2021.11.15"]
[EventType "swiss"]
[EventRounds "9"]
[EventCountry "POL"]
[SourceTitle "EXT 2023"]
[Source "ChessBase"]
[SourceDate "2022.10.05"]
[SourceVersion "1"]
[SourceVersionDate "2022.10.05"]
[SourceQuality "1"]

1. e4 c5 2. Nf3 d6 3. d3 Nc6 4. g3 g6 5. Bg2 Bg7 6. c3 Nf6 7. 0-0 0-0 8. Re1 Qc7 9. h3 Bd7 10. Nh2 e5 11. Be3 Rad8 12. g4 Ne8 13. f4 f5 14. exf5 gxf5 15. Bd5+ Kh8 16. g5 Ne7 17. Bg2 Ng6 18. Rf1 exf4 19. Bxf4 Nxf4 20. Rxf4 d5 21. Rf2 d4 22. c4 b5 23. b3 bxc4 24. bxc4 Qg3 25. Nf3 h6 26. gxh6 Bxh6 27. Nbd2 Be3 28. Qe2 Rg8 29. Kf1 Qxf2+ 30. Qxf2 Bxf2 31. Kxf2 Nf6 32. Ne5 1/2-1/2

[Event "POL-ch U15 Qual"]
[Site "Jastrzebia Gora"]
[Date "2021.11.17"]
[Round "4"]
[White "Bialek, Alicja"]
[Black "Kicinska, Magdalena"]
[Result "0-1"]
[WhiteElo "1350"]
[BlackElo "1362"]
[PlyCount "80"]
[EventDate "2021.11.15"]
[EventType "swiss"]
[EventRounds "9"]
[EventCountry "POL"]
[SourceTitle "EXT 2023"]
[Source "ChessBase"]
[SourceDate "2022.10.05"]
[SourceVersion "1"]
[SourceVersionDate "2022.10.05"]
[SourceQuality "1"]

1. e4 c6 2. d4 d5 3. Nc3 dxe4 4. Nxe4 Bf5 5. Ng3 Bg6 6. Nh3 h6 7. Nf4 Bh7 8. Bc4 Nf6 9. 0-0 e6 10. Re1 Nbd7 11. Bxe6 fxe6 12. Nxe6 Qa5 13. Nc7+ Kf7 14. Nxa8 Bd6 15. Qe2 Re8 16. Qc4+ Kf8 17. Rxe8+ Nxe8 18. c3 Qd8 19. Qe6 Ndf6 20. Nf5 Bxf5 21. Qxf5 Qxa8 22. Bd2 Qb8 23. h3 Qc7 24. Re1 Qf7 25. Qa5 b6 26. Qa4 c5 27. Be3 Ne4 28. Qc6 Qf5 29. dxc5 bxc5 30. Qb7 a5 31. Qb5 N8f6 32. c4 Qe5 33. Qxa5 Qxb2 34. f3 Qc3 35. Qd8+ Kf7 36. Kf1 Qd3+ 37. Re2 Ng3+ 38. Kg1 Nxe2+ 39. Kh1 Qd1+ 40. Bg1 Qxg1# 0-1

[Event "POL-chT 2nd League"]
[Site "Sypniewo"]
[Date "2021.09.08"]
[Round "5.4"]
[White "Bialek, Alicja"]
[Black "Starosta, Martyna"]
[Result "0-1"]
[WhiteElo "1367"]
[BlackElo "1809"]
[PlyCount "64"]
[EventDate "2021.09.04"]
[EventType "team-swiss"]
[EventRounds "9"]
[EventCountry "POL"]
[SourceTitle "CBM 204 Extra"]
[Source "ChessBase"]
[SourceDate "2021.11.30"]
[SourceVersion "1"]
[SourceVersionDate "2021.11.30"]
[SourceQuality "1"]
[WhiteTeam "Gliwice Politechnika Slaska"]
[BlackTeam "Opole Rodlo II"]
[WhiteTeamCountry "POL"]
[BlackTeamCountry "POL"]

1. e4 e5 2. Nc3 Nf6 3. g3 d5 4. exd5 Nxd5 5. Bg2 Nxc3 6. bxc3 Nc6 7. Ne2 Be6 8. d4 Bd5 9. f3 h5 10. Qd3 exd4 11. cxd4 Nb4 12. Qd2 h4 13. c3 Nc6 14. Nf4 Bc4 15. Rb1 Ba6 16. Kf2 Bd6 17. Re1+ Kf8 18. Qc2 Qf6 19. Qe4 Ne7 20. g4 h3 21. Nxh3 Qh4+ 22. Kg1 Bd3 23. Qxd3 Qxe1+ 24. Qf1 Qxc3 25. Bb2 Qe3+ 26. Kh1 Nd5 27. Re1 Qd2 28. Re2 Qb4 29. a3 Qb3 30. f4 Ne3 31. Qf2 Nxg2 32. Qxg2 Qxh3 0-1

[Event "POL-chT 2nd League"]
[Site "Sypniewo"]
[Date "2021.09.04"]
[Round "1.15"]
[White "Bialek, Alicja"]
[Black "Leszner, Liliana"]
[Result "0-1"]
[WhiteElo "1367"]
[BlackElo "1889"]
[PlyCount "64"]
[EventDate "2021.09.04"]
[EventType "team-swiss"]
[EventRounds "9"]
[EventCountry "POL"]
[SourceTitle "CBM 204 Extra"]
[Source "ChessBase"]
[SourceDate "2021.11.30"]
[SourceVersion "1"]
[SourceVersionDate "2021.11.30"]
[SourceQuality "1"]
[WhiteTeam "Gliwice Politechnika Slaska"]
[BlackTeam "Wolsztyn UKS Szach"]
[WhiteTeamCountry "POL"]
[BlackTeamCountry "POL"]

1. e4 g6 2. d4 Bg7 3. Nc3 d6 4. f4 Nf6 5. Nf3 0-0 6. Bd3 c6 7. h3 b5 8. Be3 Qc7 9. Qd2 b4 10. Ne2 c5 11. c4 cxd4 12. Nexd4 Bb7 13. e5 dxe5 14. Nb5 Qd8 15. fxe5 Nfd7 16. Qxb4 Nc6 17. Qb3 Ndxe5 18. Nxe5 Nxe5 19. 0-0-0 a6 20. Na3 Qc7 21. Bb6 Nxd3+ 22. Rxd3 Qf4+ 23. Be3 Qe4 24. Rg1 Rab8 25. Ba7 Bh6+ 26. Kb1 Rbd8 27. Rgd1 Rxd3 28. Rxd3 Qxg2 29. Rd7 Bf3 30. Rxe7 Qf1+ 31. Kc2 Qc1+ 32. Kd3 Qd2# 0-1

[Event "POL-chT U20 2nd League"]
[Site "Sypniewo"]
[Date "2020.??.??"]
[Round "9.24"]
[White "Pastuszko, Katarzyna"]
[Black "Bialek, Alicja"]
[Result "0-1"]
[WhiteElo "1251"]
[BlackElo "1457"]
[PlyCount "86"]
[EventDate "2020.10.23"]
[EventType "team-swiss"]
[EventRounds "9"]
[EventCountry "POL"]
[SourceTitle "CBM 199 Extra"]
[Source "ChessBase"]
[SourceDate "2021.01.31"]
[SourceVersion "1"]
[SourceVersionDate "2021.01.31"]
[SourceQuality "1"]

1. e4 c5 2. Nf3 Nc6 3. d4 cxd4 4. Nxd4 e5 5. Nb5 a6 6. Nd6+ Bxd6 7. Qxd6 Qe7 8. Qc7 d5 9. Qxe7+ Ngxe7 10. Bd3 Nb4 11. a3 Nxd3+ 12. cxd3 d4 13. 0-0 0-0 14. f4 f6 15. f5 a5 16. a4 Bd7 17. b3 b5 18. Ba3 Rfe8 19. Bxe7 Rxe7 20. Rc1 bxa4 21. bxa4 Rc8 22. Rxc8+ Bxc8 23. Na3 Ba6 24. Nb5 Rb7 25. Rb1 Kf8 26. Kf2 Ke7 27. Ke2 Bxb5 28. axb5 Kd6 29. Kd2 Kc5 30. b6 Rxb6 31. Rc1+ Kd6 32. Rc2 Rb1 33. Ke2 a4 34. Rc8 a3 35. Ra8 Rb2+ 36. Kf3 a2 37. h4 Rd2 38. g4 Rxd3+ 39. Ke2 Re3+ 40. Kd2 Rxe4 41. Rxa2 Rxg4 42. Ra7 Rxh4 43. Rxg7 Rh5 0-1

[Event "POL-chT U20 2nd League"]
[Site "Szczyrk"]
[Date "2017.07.26"]
[Round "6.3"]
[White "Bialek, Alicja"]
[Black "Suder, Jakub"]
[Result "0-1"]
[WhiteElo "1306"]
[BlackElo "1651"]
[PlyCount "126"]
[EventDate "2017.07.22"]
[EventType "team-swiss"]
[EventRounds "11"]
[EventCountry "POL"]
[SourceTitle "EXT 2019"]
[Source "ChessBase"]
[SourceDate "2018.10.10"]
[SourceVersion "1"]
[SourceVersionDate "2018.10.10"]
[SourceQuality "1"]

1. f4 Nf6 2. Nf3 d6 3. g3 g6 4. b3 Bg7 5. Bb2 0-0 6. Bg2 c5 7. 0-0 Nc6 8. d3 Qb6 9. Kh1 Bd7 10. Nbd2 a6 11. e4 Qa7 12. Qe2 Rfc8 13. Rae1 Nd4 14. Nxd4 cxd4 15. Nf3 Ng4 16. e5 dxe5 17. fxe5 Qc5 18. h3 Ne3 19. Bxd4 Nxf1 20. Qxf1 Qxc2 21. Ng5 Rf8 22. Bxb7 Bc6+ 23. Bxc6 Qxc6+ 24. Kh2 Rad8 25. Bb2 Qc2+ 26. Re2 Qxd3 27. Qg2 Qd5 28. h4 Qxg2+ 29. Kxg2 h6 30. Ne4 Rd5 31. Nd2 Rc8 32. Nc4 Rc6 33. Kf3 e6 34. g4 a5 35. Ke4 a4 36. Rf2 axb3 37. axb3 Rb5 38. Rf3 Rxc4+ 39. bxc4 Rxb2 40. Re3 Kf8 41. Kd4 Ke7 42. Kc5 Rb8 43. Re4 Bf8 44. Kc6 Rc8+ 45. Kb7 Rc5 46. Kb6 Ke8 47. h5 g5 48. Kb7 Bg7 49. Kb6 Rxe5 50. Rxe5 Bxe5 51. Kb7 f5 52. gxf5 exf5 53. c5 f4 54. c6 Kd8 55. c7+ Bxc7 56. Kc6 f3 57. Kd5 f2 58. Ke4 f1Q 59. Kd4 Qf3 60. Kc4 Kd7 61. Kc5 Qe4 62. Kb5 Qd4 63. Ka6 Qb6# 0-1

[Event "POL-chT U20 2nd League"]
[Site "Szczyrk"]
[Date "2017.07.24"]
[Round "4.27"]
[White "Bialek, Alicja"]
[Black "Burdzicki, Jan"]
[Result "0-1"]
[WhiteElo "1306"]
[BlackElo "1530"]
[PlyCount "104"]
[EventDate "2017.07.22"]
[EventType "team-swiss"]
[EventRounds "11"]
[EventCountry "POL"]
[SourceTitle "EXT 2019"]
[Source "ChessBase"]
[SourceDate "2018.10.10"]
[SourceVersion "1"]
[SourceVersionDate "2018.10.10"]
[SourceQuality "1"]

1. e4 g6 2. d4 Bg7 3. Nc3 c6 4. Nf3 d5 5. h3 dxe4 6. Nxe4 Nd7 7. Bc4 Ngf6 8. Nxf6+ Nxf6 9. 0-0 Bf5 10. Ne5 0-0 11. c3 Nd7 12. Nf3 Nb6 13. Bb3 Qc7 14. Re1 c5 15. dxc5 Qxc5 16. Be3 Qc7 17. Qe2 Rae8 18. Nd4 Bd7 19. Rad1 a6 20. Nf3 Bb5 21. Qc2 Nc4 22. Bg5 Ne5 23. Nd4 Bc4 24. Bh4 Bxb3 25. Qxb3 Bf6 26. Bg3 b5 27. Qd5 Qc4 28. Nxb5 Qxd5 29. Rxd5 e6 30. Rdd1 Nc4 31. Nd6 Nxd6 32. Bxd6 Be7 33. Re5 Rd8 34. Bxe7 Rxd1+ 35. Kh2 Re8 36. Bf6 Rd2 37. Ra5 Rxf2 38. Bd4 Rxb2 39. Rxa6 e5 40. Bc5 Rc2 41. Bb4 e4 42. Rd6 Rxa2 43. Rd1 e3 44. c4 Rc2 45. c5 Rb8 46. Ba3 Rc3 47. Rc1 Rxa3 48. c6 Rc8 49. Kg1 Ra6 50. c7 Ra7 51. Re1 Raxc7 52. Rxe3 Rc1+ 0-1

[Event "Lazy op 13th"]
[Site "Lazy"]
[Date "2017.07.03"]
[Round "8"]
[White "Bochniak, Jakub"]
[Black "Bialek, Alicja"]
[Result "0-1"]
[WhiteElo "1338"]
[BlackElo "1306"]
[PlyCount "110"]
[EventDate "2017.06.25"]
[EventType "swiss"]
[EventRounds "9"]
[EventCountry "POL"]
[SourceTitle "EXT 2018"]
[Source "ChessBase"]
[SourceDate "2017.10.13"]
[SourceVersion "1"]
[SourceVersionDate "2017.10.13"]
[SourceQuality "1"]

1. e4 c5 2. d4 cxd4 3. Qxd4 Nc6 4. Qd1 Nf6 5. Nc3 e6 6. Bg5 Bb4 7. Bxf6 Qxf6 8. Qd2 Bxc3 9. Qxc3 Qxc3+ 10. bxc3 b6 11. Bd3 Bb7 12. Ne2 Rc8 13. 0-0 0-0 14. Nd4 Ne5 15. c4 Nxc4 16. a4 Ne5 17. Rfb1 d5 18. exd5 Bxd5 19. Nb5 Nxd3 20. cxd3 a6 21. Nd6 Rc6 22. Nb7 Rb8 23. Na5 Rc3 24. d4 Rcc8 25. Nb3 Bxb3 26. Rxb3 Rc4 27. a5 b5 28. Rd3 Rd8 29. Kf1 Rcxd4 30. Rxd4 Rxd4 31. Ke2 Kf8 32. Ke3 Rc4 33. Kd2 Ke7 34. Ra3 Kd6 35. Rh3 h6 36. Rg3 g6 37. Rf3 Ke7 38. Ra3 f5 39. Ke3 g5 40. g3 h5 41. Rd3 b4 42. Rd4 Rxd4 43. Kxd4 e5+ 44. Kc4 Kd6 45. f3 f4 46. Kxb4 g4 47. Kc3 gxf3 48. Kd2 fxg3 49. hxg3 e4 50. Ke3 Ke5 51. Kf2 Kd4 52. Kf1 e3 53. Ke1 f2+ 54. Ke2 Ke4 55. Kf1 Kd3 0-1

[Event "EU-ch U10 Girls 26th"]
[Site "Prague"]
[Date "2016.08.25"]
[Round "7"]
[White "Bialek, Alicja"]
[Black "Gaal, Zsoka"]
[Result "0-1"]
[WhiteElo "1182"]
[BlackElo "1792"]
[PlyCount "39"]
[EventDate "2016.08.18"]
[EventType "swiss"]
[EventRounds "9"]
[EventCountry "CZE"]
[SourceTitle "CBM 174 Extra"]
[Source "ChessBase"]
[SourceDate "2016.10.10"]
[SourceVersion "1"]
[SourceVersionDate "2016.10.10"]
[SourceQuality "1"]

1. e4 c5 2. Nf3 g6 3. c3 Bg7 4. d4 cxd4 5. cxd4 d5 6. e5 Nc6 7. Nc3 h5 8. Bd3 Nh6 9. Bg5 Rb8 10. Qb3 Be6 11. 0-0 0-0 12. Rac1 Qa5 13. a3 Rfd8 14. h3 Nf5 15. Qa2 Rd7 16. b4 Qd8 17. Bxf5 Bxf5 18. b5 Na5 19. Bf4 Rc8 20. Bg5 0-1

[Event "EU-ch U10 Girls 26th"]
[Site "Prague"]
[Date "2016.08.19"]
[Round "2"]
[White "Gagua, Nani"]
[Black "Bialek, Alicja"]
[Result "0-1"]
[WhiteElo "1382"]
[BlackElo "1182"]
[PlyCount "122"]
[EventDate "2016.08.18"]
[EventType "swiss"]
[EventRounds "9"]
[EventCountry "CZE"]
[SourceTitle "CBM 174 Extra"]
[Source "ChessBase"]
[SourceDate "2016.10.10"]
[SourceVersion "1"]
[SourceVersionDate "2016.10.10"]
[SourceQuality "1"]

1. e4 c5 2. Nc3 a6 3. f4 b5 4. Nf3 Bb7 5. d3 e6 6. Be2 d5 7. exd5 exd5 8. a3 Nf6 9. 0-0 d4 10. Na2 Nc6 11. c3 Be7 12. cxd4 Nxd4 13. Be3 Nxe2+ 14. Qxe2 0-0 15. Rad1 Re8 16. Rfe1 Bd6 17. Qf2 Ng4 18. Qd2 Rxe3 19. Rxe3 Bxf4 20. Re8+ Qxe8 21. Qxf4 Qe3+ 22. Qxe3 Nxe3 23. Re1 Nd5 24. Nc3 Nf4 25. Re3 Rd8 26. Ne2 Nxd3 27. b3 f6 28. Re7 Bxf3 29. gxf3 Ne5 30. f4 Ng6 31. Re6 Rd3 32. Rxa6 Rxb3 33. Ra8+ Kf7 34. Kf2 Nh4 35. Nc1 Rf3+ 36. Ke2 Rxf4 37. Ra7+ Kg6 38. Nd3 Re4+ 39. Kf2 c4 40. Nb4 Nf5 41. a4 bxa4 42. Rxa4 c3 43. Ra3 Rxb4 44. Rxc3 Rb2+ 45. Kg1 Nd4 46. Rg3+ Kf7 47. Rg2 Nf3+ 48. Kf1 Nxh2+ 49. Kg1 Rxg2+ 50. Kxg2 Ng4 51. Kg3 h5 52. Kh3 g5 53. Kg3 f5 54. Kf3 h4 55. Kg2 f4 56. Kh1 f3 57. Kg1 f2+ 58. Kg2 h3+ 59. Kxh3 Ne3 60. Kg3 f1Q 61. Kh2 Qg2# 0-1